| 000 | 01006cam a2200289 a 4500 | ||
|---|---|---|---|
| 001 | 15115659 | ||
| 005 | 20180814050052.0 | ||
| 008 | 071217s2008 maua b 001 0 eng | ||
| 010 | _a 2007051623 | ||
| 015 |
_aGBA804113 _2bnb |
||
| 016 | 7 |
_a014487335 _2Uk |
|
| 020 | _a9780262731904 (pbk. : alk. paper) | ||
| 020 | _a0262731908 (pbk. : alk. paper) | ||
| 035 | _a(OCoLC)ocn184906297 | ||
| 035 |
_a(OCoLC)184906297 _z(OCoLC)181142535 |
||
| 040 |
_aDLC _cDLC _dDLC |
||
| 041 | _aeng | ||
| 080 | _a303.483 WIL | ||
| 082 | 0 | 0 |
_a303.483 WIL _222 |
| 100 | 1 | _a16 | |
| 101 | _aHIS | ||
| 245 | 1 | 0 |
_aNotes on the underground : _cRosalind Williams. |
| 504 | _aIncludes bibliographical references (p. [215]-255) and index. | ||
| 906 |
_a7 _bcbc _corignew _d1 _eecip _f20 _gy-gencatlg |
||
| 942 |
_2ddc _cBK |
||
| 999 |
_c47097 _d47097 |
||